| 000 | 01062nam a2200253 a 4500 | ||
|---|---|---|---|
| 001 | BRCA_4814 | ||
| 005 | 20190320204822.0 | ||
| 008 | 100910s1952----mx-a######---#000-0#spa-# | ||
| 041 | _aspa | ||
| 044 | _amx | ||
| 050 | 4 |
_aNK7114 _b.P53 2 1952 |
|
| 245 | 1 | 0 |
_aPlatería popular mexicana _cen la realización de esta exposición intervienen las siguientes personas: Daniel F. Rubín de la Borbolla ; coordinación y redacción del catálogo Federico Hernández Serrano ; Carátula de Ziyta Canessi. |
| 260 |
_aMéxico _bMuseo Nacional de Artes e Industrias Populares _c1952 |
||
| 300 |
_a80 p. _bil. _c18 cm. |
||
| 440 | 0 |
_aPlatería popular mexicana _v3 _912200 |
|
| 500 | _aCatálogo de la exposición de platería mexicana realizada en el Museo Nacional de Artes e Industrias Populares | ||
| 500 | _aEjemplar igual a CFG1 | ||
| 500 | _aO170 | ||
| 650 | 1 | 4 |
_aPlatería mexicana _vCatálogo _912201 |
| 650 | 1 | 4 |
_aPlatería _vExposiciones _911363 |
| 650 | 1 | 4 |
_aMuseo Nacional de Artes e Industrias Populares (México) _912202 |
| 902 | _aGFM | ||
| 942 |
_2lcc _cB |
||
| 999 |
_c4510 _d4510 |
||